BIBLIOTHÈQUE DE LA MAISON DU MEXIQUE

Logo 1 Logo 2

Aguirre Beltrán (notice nᵒ 11436)

détails MARC
000 -Sello discográfico
campo de control de longitud fija 00881nam a2200277 4500
005 - Identificación de versión
campo de control 20251016083008.0
035 ## - Otros números de control del sistema
Número de control del sistema 14608
099 ## - fechas locales
Tipo de ítem Koha LIBRO
100 ## - Datos de procesamiento general
Datos de procesamiento general 20040603d1976 m y1spay5003 ba
105 ## - Campo de datos codificados: Material textual, monográfico
Datos codificados de monografía y 001zy
200 1# - Título y mención de responsabilidad
Título propio Aguirre Beltrán
Designación general del material texto impreso
Otra información del título obra polémica
Primer mención de responsabilidad Edición y prólogo Angel Palerm
210 ## - Publicación, distribución, etc.
Lugar de publicación, distribución, etc. México
Nombre del editor, distribuidor, etc. Secretaría de Educación Pública : Instituto Nacional de Antropología e Historia
Fecha de publicación, distribución, etc. 1976
215 ## - Descripción física
Designación de material específico y extensión del ítem 227 p
Dimensiones 21 cm
345 ## - Nota de información de adquisición
Fuente de adquisición/dirección de la suscripción [OBSOLETO] Donación
606 ## - Término temático usado como materia
Elemento de entrada Indios de Hispanoamérica
Subdivisión temática Leyes y legislación
Número Koha 1675
606 ## - Término temático usado como materia
Elemento de entrada Indios de México
Subdivisión temática Leyes y legislación
Número Koha 1676
660 ## - Código de área geográfica
Código MX
676 ## - Clasificación Decimal Dewey
Número 970.1 P156a
702 ## - Nombre personal - Responsabilidad secundaria
Elemento de entrada Palerm Vich
Parte del nombre distinta del elemento de entrada Angel
Fechas 1917-1980
Número Koha 3843
801 #0 - Fuente de origen
Agencia cm
900 ## -
-- 1/7531
900 ## -
-- 7100419296\030604
942 ## - ELEMENTOS DE ENTRADA SECUNDARIOS (KOHA)
Tipo de ítem Koha Livre

Pas d'exemplaire disponible.